Nursing in the Community (Record no. 796)

000 -LEADER
fixed length control field 00585nam a22002057a 4500
003 - CONTROL NUMBER IDENTIFIER
control field OSt
005 - DATE AND TIME OF LATEST TRANSACTION
control field 20210422055005.0
008 - FIXED-LENGTH DATA ELEMENTS--GENERAL INFORMATION
fixed length control field 201222s1992 ||||| |||| 00| 0 eng d
020 ## - INTERNATIONAL STANDARD BOOK NUMBER
International Standard Book Number 083851362X
040 ## - CATALOGING SOURCE
Original cataloging agency eng
Language of cataloging eng
Transcribing agency DLC
041 ## - LANGUAGE CODE
Language code of text/sound track or separate title eng
080 ## - UNIVERSAL DECIMAL CLASSIFICATION NUMBER
Universal Decimal Classification number 616-08
Item number C-59
100 ## - MAIN ENTRY--PERSONAL NAME
9 (RLIN) 609
Personal name Clark, Jo. Mary
245 ## - TITLE STATEMENT
Title Nursing in the Community
Statement of responsibility, etc. / by: Appleton and Lange
260 ## - PUBLICATION, DISTRIBUTION, ETC.
Place of publication, distribution, etc. Norwalk
Name of publisher, distributor, etc. Appleton and Lange
Date of publication, distribution, etc. 1992
300 ## - PHYSICAL DESCRIPTION
Extent 975 p. Appendices 83 p. Index 35 p.
Other physical details ill.
650 #0 - SUBJECT ADDED ENTRY--TOPICAL TERM
9 (RLIN) 285
Topical term or geographic name entry element Patient Care
653 ## - INDEX TERM--UNCONTROLLED
Uncontrolled term პაციენტის მოვლა
942 ## - ADDED ENTRY ELEMENTS (KOHA)
Source of classification or shelving scheme
Koha item type Books
Holdings
Withdrawn status Lost status Source of classification or shelving scheme Damaged status Not for loan Permanent location Current location Date acquired Inventory number Total Checkouts Full call number Barcode Date last seen Price effective from Koha item type
          Ken Walker International University Ken Walker International University 12/22/2020 2147   616-08 C-59 2147 12/22/2020 12/22/2020 Books

Powered by Koha